| 000 | 00557 a2200205 4500 | ||
|---|---|---|---|
| 999 |
_c32044 _d32044 |
||
| 003 | OSt | ||
| 005 | 20260115122345.0 | ||
| 008 | 260115b ||||| |||| 00| 0 eng d | ||
| 020 | _a978-93-5573-950-6 | ||
| 040 | _c. | ||
| 082 |
_a339 _bM2789 |
||
| 100 |
_95700 _aMankiw, N. Gregory |
||
| 245 |
_aMacroeconomics / _cby N. Gregory Mankiw and Mark P. Taylor |
||
| 250 | _a5th ed. | ||
| 260 |
_bCengage Learning India pvt ltd, _aDelhi : _c2020. |
||
| 300 | _a449p. | ||
| 650 | 0 |
_92272 _aMacroeconomics |
|
| 700 |
_96488 _aTaylor, Mark P. |
||
| 942 |
_2ddc _cBK |
||